000 00592nam a22002057a 4500
999 _c172443
_d172443
005 20200205143719.0
010 _aENG-127645
020 _a9789353433802
_c785.00
035 _aEN-111177
037 _bDBAD/PUB
082 _a658.4038011
100 _aKroenke,David M.
245 _aUsing Mis/
_bby David M. Kroenke
250 _a10th
260 _aNoida
_bPearson
_c2019
270 _bNoida
_a15th floor,Tower-B,World Trade Tower,plot no.1,Block-c,sector 16
_e201301
300 _a254p.
_b28cm(pbk)
500 _aincludes index
942 _2ddc
_cEN
_h658.4038011
_mKRO